000 00488nam a2200181Ia 4500
003 GCL
008 140319s9999 xx 000 0 eng d
040 _aGCL /
_cGCL
082 0 4 _a793.3
_bT D
100 1 _aTHOMAS, HELEN
245 1 0 _aDANCE, MODERNITY AND CULTURE : EXPLARATIONS IN THE SOCIOLOGY OF DANCE /
_cTHOMAS, HELEN
260 _a[S.N] :
_bROUTLEDGE ،
_c1995
300 _a206
650 0 4 _aDANCE - SOCIOLOGY
650 0 4 _aMODERN DANCE
650 0 4 _aDANCE
942 _2ddc
_cBK
999 _c10505
_d10505